00330nam a2200145Ia 4500003000900000008004100009040001300050040001300063245006300076245001100139250001200150260000800162300000800170490000600178IT-RoPAU120407s9999 xx 000 0 und d aIT-RoPAU cIT-RoPAU aIl cristianesimo invisibile. Attualità di antiche eresie cAA.VV. aTorino  aSei c cm v1